[Event "Pyramiden Cup 2015"]
[Site "chess24.com"]
[Date "2015.09.06"]
[Round "7.7"]
[White "Troyke, Christian"]
[Black "Eiber, Manfred"]
[Result "1-0"]
[WhiteElo "2344"]
[BlackElo "2154"]
[PlyCount "83"]
[EventDate "2015.??.??"]
[WhiteTeam "Erfurter SK"]
[BlackTeam "SW Nürnberg Süd"]
[WhiteClock "0:18:57"]
[BlackClock "0:02:50"]

1. g3 d5 2. Nf3 Nf6 3. Bg2 c6 4. c4 g6 5. b3 Bg7 6. Bb2 Qb6 7. Qc1 O-O 8. O-O
Rd8 9. d3 Na6 10. Nbd2 d4 11. a3 c5 12. Qc2 Qc7 13. Rfe1 e5 14. e3 dxe3 15.
Rxe3 Ng4 16. Re2 Bf5 17. Ne4 f6 18. Nh4 Be6 19. h3 Nh6 20. f4 Nf7 21. Nf3 Bf5
22. fxe5 Bxe4 23. Rxe4 fxe5 24. Rae1 Re8 25. Kh2 Nb8 26. d4 cxd4 27. Nxd4 a6
28. c5 Nd7 29. c6 Nf6 30. cxb7 Qxc2 31. Nxc2 Rab8 32. Rb4 e4 33. Bxf6 Bxf6 34.
Rexe4 Rxe4 35. Bxe4 Nd6 36. Bd5+ Kf8 37. Rb6 Be5 38. Nb4 Nf5 39. Nxa6 Bxg3+ 40.
Kg1 Rd8 41. b8=Q Bxb8 42. Rxb8 1-0

[Event "Pyramiden Cup 2015"]
[Site "chess24.com"]
[Date "2015.09.06"]
[Round "7.8"]
[White "Promyshlyanskiy, Vitaliy"]
[Black "Sailer, Wolfgang"]
[Result "1-0"]
[WhiteElo "2236"]
[BlackElo "2127"]
[PlyCount "55"]
[EventDate "2015.??.??"]
[WhiteTeam "SC NT Nürnberg"]
[BlackTeam "SK Ingolstadt"]
[WhiteClock "0:19:05"]
[BlackClock "0:01:17"]

1. e4 e6 2. d4 d5 3. Nd2 Nf6 4. e5 Nfd7 5. Bd3 c5 6. c3 Nc6 7. Ne2 cxd4 8. cxd4
f6 9. exf6 Nxf6 10. Nf3 Bd6 11. O-O O-O 12. Bg5 e5 13. dxe5 Nxe5 14. Nc3 Qe8
15. Nxe5 Qxe5 16. f4 Qe3+ 17. Kh1 Bg4 18. Qc2 Rac8 19. Bxf6 gxf6 20. Bxh7+ Kh8
21. Rae1 Qc5 22. Bf5 Bxf5 23. Qxf5 d4 24. Qh3+ Kg7 25. Rf3 Be7 26. Rxe7+ Qxe7
27. Rg3+ Kf7 28. Qh5+ 1-0

[Event "Pyramiden Cup 2015"]
[Site "chess24.com"]
[Date "2015.09.06"]
[Round "7.9"]
[White "Redzepovic, Irfan"]
[Black "Niedermeier, Thomas"]
[Result "0-1"]
[WhiteElo "2139"]
[BlackElo "2226"]
[PlyCount "75"]
[EventDate "2015.??.??"]
[WhiteTeam "SW Nürnberg Süd"]
[BlackTeam "SG Pang-Rosenheim"]
[WhiteClock "0:05:37"]
[BlackClock "0:07:20"]

1. d4 Nf6 2. Nf3 g6 3. c4 Bg7 4. Nc3 d6 5. e4 O-O 6. Be2 Nbd7 7. O-O e5 8. d5
Nc5 9. Qc2 a5 10. Ne1 Nfd7 11. Bd2 f5 12. f3 f4 13. b3 g5 14. Nd1 Nf6 15. Nf2
h5 16. h3 Qe8 17. Ned3 Nxd3 18. Qxd3 b6 19. Rfc1 Qg6 20. Be1 Rf7 21. Rc2 Bh6
22. a4 Bd7 23. Rca2 Raf8 24. b4 axb4 25. Bxb4 g4 26. hxg4 hxg4 27. Kf1 Bg5 28.
Ke1 Bh4 29. Bf1 gxf3 30. gxf3 Qg1 31. a5 bxa5 32. Bxa5 Bh3 33. Bb4 Rb8 34. Ra8
Qxf2+ 35. Kd1 Rff8 36. Rxb8 Rxb8 37. Bxh3 Rxb4 38. Qf1 0-1

[Event "Pyramiden Cup 2015"]
[Site "Fuerth"]
[Date "2015.09.06"]
[Round "7.10"]
[White "Lodes, Hermann"]
[Black "Dorst, Johannes"]
[Result "1/2-1/2"]
[WhiteElo "2129"]
[BlackElo "2223"]
[PlyCount "61"]
[EventDate "2015.??.??"]
[WhiteTeam "vereinslos"]
[BlackTeam "SK Marburg"]

1. d4 Nf6 2. g3 c5 3. c3 Qa5 4. dxc5 Qxc5 5. Bg2 d5 6. Nf3 Nc6 7. b3 e5 8. Ba3
Qa5 9. Bxf8 Kxf8 10. O-O g6 11. Qc1 Kg7 12. c4 dxc4 13. Qxc4 Be6 14. Qc3 Qxc3
15. Nxc3 Rac8 16. e3 Rhd8 17. Rfd1 Rxd1+ 18. Nxd1 h6 19. Rc1 Nd5 20. Nxe5 Nxe3
21. Nxe3 Nxe5 22. Rxc8 Bxc8 23. a3 Kf6 24. Be4 Nd7 25. f4 Ke7 26. b4 Kd6 27.
Nc4+ Kc7 28. Bd5 f6 29. Kf2 Nb6 30. Nxb6 Kxb6 31. Bc4 1/2-1/2

[Event "Pyramiden Cup 2015"]
[Site "Fuerth"]
[Date "2015.09.06"]
[Round "7.11"]
[White "Middelhoff, Cornelius"]
[Black "Reis, Gerhard"]
[Result "1/2-1/2"]
[WhiteElo "2114"]
[BlackElo "2197"]
[PlyCount "26"]
[EventDate "2015.??.??"]
[WhiteTeam "TSG Apolda"]
[BlackTeam "SW Nürnberg Süd"]

1. d4 Nf6 2. c4 g6 3. Nc3 d5 4. Nf3 Bg7 5. Qb3 dxc4 6. Qxc4 O-O 7. e4 Na6 8.
Be2 c5 9. d5 e6 10. O-O exd5 11. exd5 Re8 12. Rd1 Bf5 13. d6 Ne4 1/2-1/2

[Event "Pyramiden Cup 2015"]
[Site "Fuerth"]
[Date "2015.09.06"]
[Round "7.12"]
[White "Brem, Stephan"]
[Black "Walter, Florian"]
[Result "0-1"]
[WhiteElo "2063"]
[BlackElo "2160"]
[PlyCount "68"]
[EventDate "2015.??.??"]
[WhiteTeam "SU Ebersberg-Grafing"]
[BlackTeam "SC NT Nürnberg"]

1. f4 g6 2. Nf3 Bg7 3. e4 c5 4. Be2 Nc6 5. d3 e6 6. O-O Nge7 7. c3 O-O 8. Be3
d6 9. Nbd2 b6 10. Qe1 Bb7 11. Rd1 Rc8 12. Qh4 d5 13. g4 d4 14. Bf2 dxc3 15.
bxc3 Rc7 16. Bg3 Rd7 17. Nc4 Ba6 18. f5 Bxc4 19. dxc4 exf5 20. gxf5 gxf5 21.
Rxd7 Qxd7 22. Rd1 Qe6 23. e5 Ng6 24. Qh5 Ngxe5 25. Nh4 Ne7 26. Rf1 Ng4 27. Bxg4
fxg4 28. Nf5 Nxf5 29. Rxf5 Qe3+ 30. Kg2 Qe4+ 31. Kg1 Bxc3 32. Rg5+ Kh8 33. Rxg4
Bd4+ 34. Bf2 Qe1+ 0-1

[Event "Pyramiden Cup 2015"]
[Site "Fuerth"]
[Date "2015.09.06"]
[Round "7.14"]
[White "Grafe, Wilhelm"]
[Black "Ott, Florian"]
[Result "1/2-1/2"]
[WhiteElo "2168"]
[BlackElo "2273"]
[PlyCount "30"]
[EventDate "2015.??.??"]
[WhiteTeam "SC NT Nürnberg"]
[BlackTeam "SC Forchheim"]

1. Nf3 c5 2. g3 Nc6 3. Bg2 g6 4. d3 Bg7 5. Nc3 d6 6. e4 Nf6 7. O-O O-O 8. Bg5
Rb8 9. Qd2 Re8 10. Rae1 b5 11. e5 dxe5 12. Nxe5 Nxe5 13. Rxe5 b4 14. Na4 Nd7
15. Re2 Qa5 1/2-1/2

[Event "Pyramiden Cup 2015"]
[Site "Fuerth"]
[Date "2015.09.06"]
[Round "7.15"]
[White "Lechermann, Markus"]
[Black "Loew, Gerald"]
[Result "1/2-1/2"]
[WhiteElo "2042"]
[BlackElo "2273"]
[PlyCount "22"]
[EventDate "2015.??.??"]
[WhiteTeam "MTV Ingolstadt"]
[BlackTeam "TSV Bindlach"]

1. d4 Nf6 2. Bf4 g6 3. e3 d6 4. h3 Bg7 5. Nf3 O-O 6. Be2 c5 7. c3 Qb6 8. Qb3
Be6 9. Qxb6 axb6 10. a3 Nc6 11. Nbd2 Ne8 1/2-1/2

[Event "Pyramiden Cup 2015"]
[Site "Fuerth"]
[Date "2015.09.06"]
[Round "7.16"]
[White "Eck, Mathias"]
[Black "Heimrath, Reiner"]
[Result "1/2-1/2"]
[WhiteElo "2085"]
[BlackElo "2191"]
[PlyCount "191"]
[EventDate "2015.??.??"]
[WhiteTeam "SFDarmstadt"]
[BlackTeam "SC Noris-Tarrasch Nürnberg"]

1. c4 e5 2. Nc3 d6 3. Nf3 Nd7 4. g3 g6 5. d4 Bg7 6. Bg2 Ne7 7. O-O O-O 8. dxe5
dxe5 9. Qc2 Nf5 10. e3 Nd6 11. b3 Nc5 12. Ba3 Bf5 13. Qd2 Nce4 14. Nxe4 Nxe4
15. Qxd8 Rfxd8 16. Nh4 Nd2 17. Nxf5 gxf5 18. Rfd1 e4 19. Rac1 a5 20. Rc2 a4 21.
Be7 axb3 22. axb3 Re8 23. Rcxd2 Rxe7 24. Rd8+ Rxd8 25. Rxd8+ Bf8 26. Rd5 Kg7
27. Rxf5 Kg6 28. g4 Bh6 29. h4 f6 30. Rd5 Bg7 31. h5+ Kf7 32. Rf5 Bh6 33. Kf1
c6 34. Ke2 Re6 35. Kd2 Re8 36. Kc3 Rg8 37. Bh3 Rd8 38. Bf1 Rd1 39. Be2 Re1 40.
Kd2 Rg1 41. Ra5 Ke6 42. Ra7 Bf8 43. Rxb7 h6 44. Rb8 Ba3 45. Re8+ Be7 46. f3 Kd7
47. Ra8 Bb4+ 48. Kc2 Re1 49. Bd1 exf3 50. Bxf3 Rxe3 51. Bd1 Rg3 52. Ra4 c5 53.
Ra1 Kd6 54. Be2 Rc3+ 55. Kb2 Re3 56. Rd1+ Ke5 57. Bd3 Kf4 58. Bf5 Re2+ 59. Kb1
Bd2 60. Kc2 Bb4+ 61. Kb1 Bc3 62. Rd3 Bd4 63. Kc1 Ke5 64. Kd1 Rb2 65. Kc1 Rf2
66. Kd1 Rf4 67. Ke2 Rf2+ 68. Kd1 Rg2 69. Kc1 Kf4 70. Kd1 Be3 71. Be6 Rh2 72.
Bf5 Kf3 73. Be6 Rh1+ 74. Kc2 Ke2 75. Bf5 Rc1+ 76. Kb2 Rf1 77. Kc2 Rf2 78. Be4
Rf1 79. Rd2+ Bxd2 80. Bd3+ Kf3 81. Bxf1 Bb4 82. Kd3 Kxg4 83. Be2+ Kf4 84. Bd1
f5 85. Ke2 Kg3 86. Bc2 Kg4 87. Kf2 Bc3 88. Bd1+ Kf4 89. Kg2 Bd4 90. Bf3 Be3 91.
Bd5 Bd4 92. Bf3 Ke3 93. Bd5 Kd3 94. Kf3 Kc3 95. Kf4 Kxb3 96. Kxf5 1/2-1/2

[Event "Pyramiden Cup 2015"]
[Site "Fuerth"]
[Date "2015.09.06"]
[Round "7.17"]
[White "Knoblauch, Leonhard"]
[Black "Troyke, Doreen"]
[Result "0-1"]
[WhiteElo "2177"]
[BlackElo "2074"]
[PlyCount "62"]
[EventDate "2015.??.??"]
[WhiteTeam "SV Ilmmünster"]
[BlackTeam "Erfurter SK"]

1. e4 c5 2. Nf3 d6 3. d4 cxd4 4. Nxd4 Nf6 5. Nc3 a6 6. Bg5 e6 7. f4 Be7 8. Qf3
Nbd7 9. O-O-O Qc7 10. f5 Ne5 11. Qh3 Nfg4 12. Bxe7 Qxe7 13. Be2 Qg5+ 14. Kb1
Nf2 15. Nf3 Qf6 16. Qg3 Nxh1 17. Rxh1 O-O 18. Qf4 Ng6 19. Qe3 exf5 20. Nd5 Qd8
21. exf5 Bxf5 22. Nd4 Re8 23. Qb3 Be4 24. Rf1 Ne5 25. Bh5 Bxd5 26. Qxd5 g6 27.
Be2 Qc7 28. Nb3 Qc6 29. Qd4 Qxg2 30. Qd1 Qxh2 31. Nd2 d5 0-1

[Event "Pyramiden Cup 2015"]
[Site "Fuerth"]
[Date "2015.09.06"]
[Round "7.18"]
[White "Beesk, Kevin"]
[Black "Hoecher, Michael"]
[Result "1/2-1/2"]
[WhiteElo "1921"]
[BlackElo "2091"]
[PlyCount "54"]
[EventDate "2015.??.??"]
[WhiteTeam "SK Neumarkt"]
[BlackTeam "SC Garching"]

1. Nc3 d5 2. e4 c6 3. g3 dxe4 4. Nxe4 Bf5 5. Bg2 e6 6. Qe2 Nf6 7. d3 Bb4+ 8.
Bd2 Be7 9. Bc3 Nbd7 10. Nf3 O-O 11. O-O Nd5 12. Bd2 h6 13. Rfe1 Bg6 14. a3 a5
15. Rad1 Re8 16. c4 N5f6 17. Bc3 Qc7 18. Nxf6+ Nxf6 19. Ne5 Bh7 20. Qf3 Rf8 21.
h4 Ne8 22. Qg4 Bf5 23. Qf3 Rd8 24. Rd2 f6 25. Ng4 b5 26. b4 axb4 27. axb4 Rc8
1/2-1/2

[Event "Pyramiden Cup 2015"]
[Site "Fuerth"]
[Date "2015.09.06"]
[Round "7.19"]
[White "Guggenberger, Guido"]
[Black "Wagner, Florian"]
[Result "1/2-1/2"]
[WhiteElo "2019"]
[BlackElo "2145"]
[PlyCount "62"]
[EventDate "2015.??.??"]
[WhiteTeam "TV Tegernsee"]
[BlackTeam "SC NT Nürnberg"]

1. d4 Nf6 2. c4 c5 3. d5 e6 4. Nc3 exd5 5. cxd5 d6 6. e4 g6 7. f4 Bg7 8. Bb5+
Nfd7 9. Nf3 a6 10. Bd3 O-O 11. a4 Re8 12. O-O Qc7 13. Kh1 c4 14. Bc2 Nc5 15.
Nd2 Nbd7 16. Nxc4 Bxc3 17. bxc3 Nxe4 18. Qd4 Ndc5 19. Bb2 f5 20. a5 Qg7 21. Nb6
Rb8 22. Qe3 Bd7 23. Rab1 Nf6 24. Qd4 Ng4 25. Rfe1 Rxe1+ 26. Rxe1 Re8 27. Rxe8+
Bxe8 28. Qxg7+ Kxg7 29. Kg1 Ne3 30. Bb1 Na4 31. Nxa4 Bxa4 1/2-1/2

[Event "Pyramiden Cup 2015"]
[Site "Fuerth"]
[Date "2015.09.06"]
[Round "7.20"]
[White "Brunsch, Michael"]
[Black "Kahlert, Thomas"]
[Result "1/2-1/2"]
[WhiteElo "2072"]
[BlackElo "2178"]
[PlyCount "45"]
[EventDate "2015.??.??"]
[WhiteTeam "SC Höchstadt/Aisch"]
[BlackTeam "SK Norderstedt"]

1. Nf3 Nf6 2. c4 g6 3. g3 Bg7 4. Bg2 O-O 5. O-O d5 6. cxd5 Nxd5 7. Nc3 Nb6 8.
d4 Nc6 9. e3 e5 10. dxe5 Nxe5 11. Nxe5 Bxe5 12. Qc2 c6 13. b3 Bf5 14. e4 Be6
15. Bb2 Bg7 16. Rad1 Qe7 17. Ne2 Rad8 18. Bxg7 Kxg7 19. Nf4 Bg4 20. f3 Bc8 21.
h4 Nd7 22. Rd2 Qc5+ 23. Qxc5 1/2-1/2

[Event "Pyramiden Cup 2015"]
[Site "Fuerth"]
[Date "2015.09.06"]
[Round "7.21"]
[White "Hornung, Hans"]
[Black "Saathoff, Richard"]
[Result "0-1"]
[WhiteElo "2106"]
[BlackElo "2106"]
[PlyCount "54"]
[EventDate "2015.??.??"]
[WhiteTeam "SK Klosterlechfeld"]
[BlackTeam "SW Nürnberg Süd"]

1. Nf3 Nf6 2. c4 g6 3. Nc3 Bg7 4. e4 d6 5. d4 O-O 6. Be2 e5 7. O-O Nc6 8. d5
Ne7 9. Bg5 h6 10. Bxf6 Bxf6 11. b4 a5 12. a3 b6 13. Ne1 Bg5 14. Nd3 f5 15. f4
exf4 16. Qb3 axb4 17. axb4 Rxa1 18. Rxa1 fxe4 19. Nxe4 Nf5 20. Rf1 Qe7 21. Bf3
Ne3 22. Re1 Bf5 23. Ndf2 Qe5 24. Nxg5 hxg5 25. h3 Qd4 26. Kh1 Ra8 27. Kh2 Bc2
0-1

[Event "Pyramiden Cup 2015"]
[Site "Fuerth"]
[Date "2015.09.06"]
[Round "7.22"]
[White "Meulner, Klaus"]
[Black "Weber, Samuel"]
[Result "1-0"]
[WhiteElo "2134"]
[BlackElo "1936"]
[PlyCount "93"]
[EventDate "2015.??.??"]
[WhiteTeam "SW Nürnberg Süd"]
[BlackTeam "SC Flörsheim"]

1. d4 Nf6 2. c4 e6 3. g3 d5 4. Bg2 c5 5. cxd5 exd5 6. Nf3 Nc6 7. O-O Be7 8. Nc3
O-O 9. dxc5 Bxc5 10. Bg5 d4 11. Bxf6 Qxf6 12. Nd5 Qd6 13. Nd2 Be6 14. Ne4 Qxd5
15. Nf6+ gxf6 16. Bxd5 Bxd5 17. Qc2 Be7 18. Rfd1 Rfe8 19. Qf5 Rad8 20. Qg4+ Kh8
21. Rac1 Bxa2 22. Qf5 Be6 23. b4 Rd5 24. Rb1 Red8 25. b5 Ne5 26. b6 a5 27. Rbc1
Ng6 28. Qf3 Ne5 29. Qe4 f5 30. Qg2 Bc5 31. Qh3 Kg7 32. Qh4 f6 33. Kg2 Ng6 34.
Qh5 Re5 35. f4 Bf7 36. fxe5 Nf4+ 37. gxf4 Bxh5 38. Rxc5 Bxe2 39. Rc7+ Kh6 40.
Rd2 d3 41. e6 Kh5 42. h3 Re8 43. e7 Kh4 44. Rxb7 Rg8+ 45. Kf2 Kxh3 46. Rd7 Rg3
47. R2xd3 1-0

[Event "Pyramiden Cup 2015"]
[Site "Fuerth"]
[Date "2015.09.06"]
[Round "7.23"]
[White "Wittmann, Helmut"]
[Black "Lutter, Maximilian"]
[Result "1/2-1/2"]
[WhiteElo "2106"]
[BlackElo "1776"]
[PlyCount "92"]
[EventDate "2015.??.??"]
[WhiteTeam "BSG Wöhrlhaus"]
[BlackTeam "SK Neumarkt"]

1. d4 g6 2. c4 Nf6 3. Nc3 d5 4. Nf3 Bg7 5. cxd5 Nxd5 6. Qa4+ c6 7. e4 Nxc3 8.
bxc3 O-O 9. Ba3 Nd7 10. Be2 Re8 11. O-O e5 12. Qb3 exd4 13. cxd4 Nb6 14. Qc2
Bg4 15. Rad1 Qb8 16. h3 Bd7 17. Ne5 Rxe5 18. dxe5 Qxe5 19. Bc5 Be6 20. f4 Qc3
21. Qxc3 Bxc3 22. Rf3 Na4 23. Bd4 Bb4 24. f5 gxf5 25. exf5 Bd5 26. Rg3+ Kf8 27.
Bg7+ Ke7 28. Re3+ Kd7 29. Kf1 Rg8 30. Bf6 Bc5 31. Re4 Nb6 32. Rh4 Rxg2 33.
Rxd5+ Nxd5 34. Kxg2 Nxf6 35. Bc4 Ke7 36. Rf4 Nd7 37. Rh4 Nf6 38. Rf4 Nd7 39.
Bb3 Kf6 40. Rf1 Bd4 41. Rd1 c5 42. Kg3 Ne5 43. Kf4 h6 44. a4 a6 45. Bd5 b5 46.
Bb7 bxa4 1/2-1/2

[Event "Pyramiden Cup 2015"]
[Site "Fuerth"]
[Date "2015.09.06"]
[Round "7.24"]
[White "Pfadenhauer, Johannes"]
[Black "Woerl, Richard"]
[Result "1/2-1/2"]
[WhiteElo "2067"]
[BlackElo "2047"]
[PlyCount "49"]
[EventDate "2015.??.??"]
[WhiteTeam "TSV Bindlach"]
[BlackTeam "SW Nürnberg Süd"]

1. d4 Nf6 2. Nf3 e6 3. g3 b6 4. Bg2 Bb7 5. O-O c5 6. c4 cxd4 7. Nxd4 Bxg2 8.
Kxg2 Qc7 9. b3 Bc5 10. Bb2 a6 11. Qd3 Nc6 12. Qf3 Ke7 13. Rd1 Nxd4 14. Bxd4
Bxd4 15. Rxd4 Qc6 16. Nc3 Rac8 17. e4 d6 18. Rad1 Rhd8 19. a4 Qc5 20. R1d2 Qh5
21. Qd3 Ng4 22. h3 Ne5 23. Qe2 Qxe2 24. Rxe2 Nc6 25. Rd3 1/2-1/2

[Event "Pyramiden Cup 2015"]
[Site "Fuerth"]
[Date "2015.09.06"]
[Round "7.25"]
[White "Bunk, Karsten"]
[Black "Roettinger, Eugen"]
[Result "1-0"]
[WhiteElo "2090"]
[BlackElo "2147"]
[PlyCount "57"]
[EventDate "2015.??.??"]
[WhiteTeam "SW Nürnberg Süd"]
[BlackTeam "SR Spaichingen"]

1. c4 g6 2. g3 Bg7 3. Nc3 d6 4. Bg2 c6 5. e4 a6 6. Nge2 b5 7. d4 Bg4 8. Be3 Qa5
9. f3 Bd7 10. Qb3 b4 11. O-O c5 12. Nd1 Nc6 13. Qd3 cxd4 14. Nxd4 Ne5 15. Qe2
Rc8 16. b3 Nc6 17. Qd2 Nxd4 18. Bxd4 Bxd4+ 19. Qxd4 Qc5 20. Qxc5 dxc5 21. Ne3
e6 22. e5 h5 23. f4 Bc6 24. Rfd1 Ne7 25. a3 a5 26. axb4 axb4 27. Rd6 Bxg2 28.
Kxg2 Nc6 29. Rxc6 1-0

[Event "Pyramiden Cup 2015"]
[Site "Fuerth"]
[Date "2015.09.06"]
[Round "7.26"]
[White "Tong, Kevin"]
[Black "Kannenberg, Karl-Heinz"]
[Result "1/2-1/2"]
[WhiteElo "2021"]
[BlackElo "2220"]
[PlyCount "94"]
[EventDate "2015.??.??"]
[WhiteTeam "SC Erlangen"]
[BlackTeam "SC Kitzingen"]

1. e4 c6 2. d4 d5 3. Nc3 dxe4 4. Nxe4 Bf5 5. Ng3 Bg6 6. f4 e6 7. Nf3 Bd6 8. Bd3
Ne7 9. O-O Nd7 10. Ne5 Qc7 11. c3 O-O 12. Be3 Rad8 13. Bxg6 hxg6 14. Qe2 Nd5
15. Kh1 c5 16. Rac1 Nxe3 17. Qxe3 Nf6 18. Ne4 Nxe4 19. Qxe4 cxd4 20. cxd4 Qb6
21. b3 Bxe5 22. dxe5 Rd2 23. Rc2 Qf2 24. Rcc1 Qb6 25. Rc2 Rfd8 26. h3 R2d4 27.
Qf3 Rd3 28. Qe2 Qd4 29. Rc4 Qd5 30. Qe4 Qxe4 31. Rxe4 Rd2 32. Ra4 a6 33. Rb4
Rxa2 34. Rxb7 Rdd2 35. Rg1 Rf2 36. Rb4 a5 37. Rc4 Kh7 38. Kh2 Rfb2 39. Rc7 Rxb3
40. Rxf7 g5 41. fxg5 Re3 42. Re7 Rxe5 43. h4 Kg6 44. Kh3 Re3+ 45. g3 Raa3 46.
Kg4 Ra4+ 47. Kh3 Raa3 1/2-1/2

[Event "Pyramiden Cup 2015"]
[Site "Fuerth"]
[Date "2015.09.06"]
[Round "7.27"]
[White "Lange, Carsten"]
[Black "Hoermann, Gunther"]
[Result "1/2-1/2"]
[WhiteElo "2055"]
[BlackElo "2092"]
[PlyCount "103"]
[EventDate "2015.??.??"]
[WhiteTeam "SK Zirndorf"]
[BlackTeam "TSV Cadolzburg"]

1. Nf3 f5 2. c4 Nf6 3. g3 g6 4. b4 c6 5. Bb2 Bg7 6. Bg2 Qb6 7. a3 a5 8. c5 Qc7
9. Qb3 axb4 10. axb4 Rxa1 11. Bxa1 b6 12. Ng5 e6 13. O-O O-O 14. Nc3 d5 15.
cxb6 Qxb6 16. Na4 Qc7 17. d3 Re8 18. Rc1 Qe7 19. h4 Bd7 20. Nc5 Rc8 21. e4 h6
22. Nh3 Ne8 23. e5 Nc7 24. d4 Nba6 25. Bf1 Ra8 26. Nf4 Kf7 27. Bc3 Nxc5 28.
bxc5 g5 29. hxg5 hxg5 30. Ng2 Bc8 31. Ra1 Rxa1 32. Bxa1 Na8 33. Bc3 Qb7 34.
Qxb7+ Bxb7 35. Bd2 Bh6 36. Ba5 Bf8 37. Be2 Kg6 38. Bd8 Bh6 39. Bd3 Kf7 40. Kf1
Ke8 41. Ba5 Kd7 42. Ne1 Nc7 43. f3 Ba6 44. Bxa6 Nxa6 45. Nd3 Nc7 46. Bxc7 Kxc7
47. f4 Kb7 48. Nb4 Bf8 49. Ke2 Be7 50. Kd3 Bd8 51. Kc3 Ba5 52. Kb3 1/2-1/2

[Event "Pyramiden Cup 2015"]
[Site "Fuerth"]
[Date "2015.09.06"]
[Round "7.28"]
[White "Mehringer, Joerg"]
[Black "Schrems, Hermann"]
[Result "1/2-1/2"]
[WhiteElo "1945"]
[BlackElo "2098"]
[PlyCount "24"]
[EventDate "2015.??.??"]
[WhiteTeam "Schachpinguine Berlin"]
[BlackTeam "SC Emmendingen"]

1. e4 Nf6 2. Nc3 d5 3. exd5 Nxd5 4. Bc4 c6 5. Nge2 Be6 6. Bb3 Nc7 7. O-O g6 8.
d3 Bg7 9. Be3 Nd7 10. Qd2 O-O 11. Bh6 Nf6 12. Bxg7 Kxg7 1/2-1/2

[Event "Pyramiden Cup 2015"]
[Site "Fuerth"]
[Date "2015.09.06"]
[Round "7.30"]
[White "Willim, Michael"]
[Black "Hoffmann, Sebastian"]
[Result "1-0"]
[WhiteElo "2100"]
[BlackElo "1860"]
[PlyCount "83"]
[EventDate "2015.??.??"]
[WhiteTeam "SC Erlangen"]
[BlackTeam "SC NT Nürnberg"]

1. c4 e5 2. g3 d6 3. Bg2 Nc6 4. Nc3 Be6 5. d3 f5 6. Rb1 Rb8 7. b4 Bd7 8. e3 Nf6
9. Nge2 g6 10. O-O Bg7 11. b5 Ne7 12. Qb3 Qc8 13. Qa3 O-O 14. Qxa7 e4 15. Qa3
exd3 16. Nf4 Ra8 17. Qb3 Ng4 18. Nxd3 Bxc3 19. Qxc3 Rxa2 20. Bb2 Nf6 21. Ra1
Rxa1 22. Rxa1 Qb8 23. Nf4 c6 24. bxc6 bxc6 25. Qd4 Kg7 26. Ba3 c5 27. Qc3 Kh6
28. Bb2 Qc7 29. Ra8 Rf7 30. Qa3 Neg8 31. Nd5 Nxd5 32. Bxd5 Bc6 33. Bxc6 Qxc6
34. Rxg8 Qe4 35. Qc3 Rb7 36. Qc1 Rb4 37. Bg7+ Kg5 38. Bb2 Rxc4 39. Qd1 Qg4 40.
f3 Rc1 41. h4+ Kh5 42. fxg4+ 1-0

[Event "Pyramiden Cup 2015"]
[Site "Fuerth"]
[Date "2015.09.06"]
[Round "7.31"]
[White "Herold, Hansjoerg"]
[Black "Diller, Peter"]
[Result "0-1"]
[WhiteElo "2003"]
[BlackElo "2053"]
[PlyCount "78"]
[EventDate "2015.??.??"]
[WhiteTeam "SV Bckingen"]
[BlackTeam "SK Rothenburg"]

1. e4 e6 2. d4 d5 3. e5 c5 4. c3 Nc6 5. a3 a6 6. f4 b5 7. Nf3 Nh6 8. Bd3 Be7 9.
O-O Qb6 10. Bc2 O-O 11. Kh1 Ra7 12. Be3 a5 13. Qd2 Ba6 14. Ng5 g6 15. Rf3 cxd4
16. cxd4 Nf5 17. Bxf5 exf5 18. Nc3 Rd7 19. e6 fxe6 20. Nxe6 Re8 21. Nc5 Bxc5
22. dxc5 Qd8 23. Bd4 b4 24. axb4 Re4 25. Bf2 Rxb4 26. Re1 d4 27. Na2 Rb5 28.
Nc1 Rxc5 29. Nd3 Rcd5 30. Rc1 Qb6 31. Rxc6 Qxc6 32. Ne5 Rxe5 33. fxe5 Qd5 34.
Ra3 Bb7 35. Bg3 Qe4 36. Rxa5 Rc7 37. Ra1 Rc2 38. Re1 Rxd2 39. Rxe4 Bxe4 0-1

[Event "Pyramiden Cup 2015"]
[Site "Fuerth"]
[Date "2015.09.06"]
[Round "7.32"]
[White "Krauss, Josef"]
[Black "Mix, Thomas"]
[Result "1-0"]
[WhiteElo "2098"]
[BlackElo "1949"]
[PlyCount "41"]
[EventDate "2015.??.??"]
[WhiteTeam "SK Schweinfurt"]
[BlackTeam "SF Brannenburg"]

1. e4 c5 2. c3 Nf6 3. e5 Nd5 4. Nf3 Nc6 5. Bc4 e6 6. O-O Be7 7. d4 d6 8. Re1
O-O 9. Nbd2 Nb6 10. exd6 Qxd6 11. dxc5 Qxc5 12. Bb3 Rd8 13. Qe2 Qh5 14. Nf1 Bd7
15. Ng3 Qa5 16. Bd2 Na4 17. Bc2 Nxb2 18. Reb1 Ba3 19. Bc1 Qb6 20. Bxb2 Bxb2 21.
Rxb2 1-0

[Event "Pyramiden Cup 2015"]
[Site "Fuerth"]
[Date "2015.09.06"]
[Round "7.33"]
[White "Li, Simon"]
[Black "Suess, Stefan"]
[Result "1/2-1/2"]
[WhiteElo "2013"]
[BlackElo "2004"]
[PlyCount "67"]
[EventDate "2015.??.??"]
[WhiteTeam "SK Schweinfurt"]
[BlackTeam "SC NT Nürnberg"]

1. e4 d5 2. exd5 Qxd5 3. Nc3 Qd6 4. d4 Nf6 5. g3 c6 6. Bg2 g6 7. Bf4 Qd8 8. Nf3
Bg7 9. O-O O-O 10. Qd2 Re8 11. Rfe1 b6 12. Ne5 Bb7 13. Qd3 Qc8 14. d5 c5 15.
Nb5 a6 16. Nc3 Ra7 17. Na4 Nfd7 18. Bh3 Nxe5 19. Bxc8 Nxd3 20. Bxb8 Nxe1 21.
Rxe1 Rxc8 22. Bxa7 b5 23. Nxc5 Bxd5 24. Nd3 e6 25. c3 Ra8 26. Be3 Bxa2 27. Nb4
Bb3 28. Ra1 a5 29. Nc6 a4 30. Nd4 Bc4 31. Rd1 Rd8 32. Rd2 e5 33. Nc2 Rxd2 34.
Bxd2 1/2-1/2

[Event "Pyramiden Cup 2015"]
[Site "Fuerth"]
[Date "2015.09.06"]
[Round "7.34"]
[White "Berger, Stefan"]
[Black "Gerl, Hans"]
[Result "1-0"]
[WhiteElo "1996"]
[BlackElo "1968"]
[PlyCount "113"]
[EventDate "2015.??.??"]
[WhiteTeam "Schweiz"]
[BlackTeam "SK Zirndorf"]

1. Nf3 Nf6 2. g3 c5 3. c4 Nc6 4. d4 cxd4 5. Nxd4 Qb6 6. e3 e6 7. Nc3 Bb4 8. Bg2
a6 9. O-O Bxc3 10. bxc3 O-O 11. Ba3 Rd8 12. Qb3 Qxb3 13. axb3 d5 14. Nxc6 bxc6
15. Be7 Rd7 16. Bxf6 gxf6 17. c5 Bb7 18. Rfd1 Rad8 19. Bf1 Ra8 20. Rd4 Bc8 21.
Rb4 Rb7 22. Rxb7 Bxb7 23. Ra4 a5 24. Kg2 f5 25. Kf3 Kg7 26. Kg2 Kf6 27. Be2 h6
28. f3 e5 29. Kf2 Kg6 30. Bd3 e4 31. Be2 Kf6 32. f4 Kg6 33. Ke1 h5 34. b4 axb4
35. Rxa8 Bxa8 36. cxb4 Bb7 37. Kd2 f6 38. Kc3 Kh6 39. Kb3 Bc8 40. Ka4 d4 41.
exd4 Bd7 42. Ka5 Kg6 43. Kb6 Kf7 44. Kc7 Ke7 45. Bxh5 Be8 46. Be2 Ke6 47. Bc4+
Ke7 48. h4 e3 49. Be2 Ke6 50. Bf3 Ke7 51. h5 Bf7 52. Kxc6 Bc4 53. h6 Kf8 54. d5
Bf1 55. Kd6 e2 56. Bxe2 Bxe2 57. Kc7 1-0

[Event "Pyramiden Cup 2015"]
[Site "Fuerth"]
[Date "2015.09.06"]
[Round "7.35"]
[White "Grabmeier, Johannes"]
[Black "Seitner, Ralf"]
[Result "1/2-1/2"]
[WhiteElo "1929"]
[BlackElo "2080"]
[PlyCount "74"]
[EventDate "2015.??.??"]
[WhiteTeam "SV Deggendorf"]
[BlackTeam "SK Ingolstadt"]

1. b3 e5 2. Bb2 d6 3. e3 Nf6 4. c4 g6 5. Nc3 Bg7 6. Nge2 O-O 7. g3 Nc6 8. Bg2
Bf5 9. d3 Qc8 10. a3 Bh3 11. O-O h5 12. Kh1 h4 13. Ng1 Bxg2+ 14. Kxg2 hxg3 15.
hxg3 Ng4 16. Nd5 f5 17. b4 Qd7 18. f3 Nf6 19. Nxf6+ Bxf6 20. b5 Nd8 21. e4 Ne6
22. Ne2 Kg7 23. Rh1 Rh8 24. Qd2 fxe4 25. dxe4 Ng5 26. Qd3 Ne6 27. Raf1 Nc5 28.
Qe3 Qe6 29. Qc3 Rxh1 30. Rxh1 Rh8 31. Rxh8 Kxh8 32. Bc1 Kg7 33. Ng1 Qg8 34. Nh3
Kf7 35. Qd2 Ke7 36. Qd5 Qxd5 37. cxd5 Na4 1/2-1/2

[Event "Pyramiden Cup 2015"]
[Site "Fuerth"]
[Date "2015.09.06"]
[Round "7.36"]
[White "Meyer, Nico"]
[Black "Colpe, Helge"]
[Result "0-1"]
[WhiteElo "1437"]
[BlackElo "2061"]
[PlyCount "86"]
[EventDate "2015.??.??"]
[WhiteTeam "SC Bechhofen"]
[BlackTeam "Hamburger SK"]

1. e4 e5 2. Nf3 Nc6 3. Bb5 Nf6 4. Nc3 d6 5. d4 exd4 6. Nxd4 Bd7 7. Bxc6 bxc6 8.
O-O Be7 9. Re1 O-O 10. Qe2 c5 11. Nf3 Bg4 12. Bf4 Nh5 13. Bd2 Nf6 14. Bf4 Rb8
15. Rab1 Nd7 16. Nd5 Re8 17. h3 Be6 18. Nc3 Nb6 19. b3 f6 20. Nb5 a6 21. Nc3 c4
22. Nd4 Bd7 23. bxc4 Bf8 24. Nd5 c6 25. Nxb6 Rxb6 26. Nb3 c5 27. Rbd1 Qe7 28.
Qd3 Be6 29. Re2 Qf7 30. Na5 Rd8 31. Red2 Qc7 32. Nb3 Rb4 33. Bxd6 Rxd6 34. Qe3
Rxd2 35. Rxd2 Bxc4 36. a3 Rb8 37. Qc3 Bf7 38. Qf3 a5 39. Qd1 a4 40. Na1 Qe5 41.
f3 c4 42. Qf1 Qc5+ 43. Kh1 Qxa3 0-1